|
|
|
|
| LEADER |
01015cam a2200229 a 4500 |
| 001 |
000270018 |
| 003 |
CZ BrMZK |
| 005 |
20140312131542.0 |
| 008 |
980115s1990 xr f eng d |
| 040 |
|
|
|a BOA001
|b cze
|
| 080 |
|
|
|a 595.132
|2 MRF
|
| 100 |
1 |
|
|a Baruš, Vlastimil,
|d 1935-2014
|7 jk01011023
|4 aut
|
| 245 |
1 |
0 |
|a Capillariids parasitic in birds in the Palaearctic region (3) genus Baruscapillaria /
|c Vlastimil Baruš, Tamara Petrovna Sergejeva.
|
| 260 |
|
|
|a Praha :
|b Academia,
|c 1990
|
| 300 |
|
|
|a 53 s. :
|b il. ;
|c 24 cm
|
| 490 |
1 |
|
|a Přírodovědné práce ústavů Československé akademie věd v Brně ;
|v N.S., 24, 1990, 10
|
| 653 |
0 |
|
|a baruscapillaria
|a hlístice
|a kapiláriovití
|
| 700 |
1 |
|
|a Sergejeva, Tamara Petrovna
|7 jx20050805045
|4 aut
|
| 830 |
|
0 |
|a Přírodovědné práce ústavů Československé akademie věd v Brně
|
| 910 |
|
|
|a BOA001
|b 03706-0611.753
|
| 990 |
|
|
|a BK
|
| 996 |
6 |
|
|b 2610063963
|c 03706-0611.753
|d 1990 24 10
|v 24
|i 10
|y 1990
|l MZK
|r Sklad / do 1 hodiny
|n 0
|w 000170929
|u 000580
|a 1
|e BOA001
|j MZK50
|s P
|